| 000 | 00553cam a2200205 4500 | ||
|---|---|---|---|
| 008 | 090401t1990 xxu||||| |||| 00| 0 eng d | ||
| 020 | _a0851214355 | ||
| 035 | _a(Sirsi) u68358 | ||
| 041 | _aeng | ||
| 050 | _a346.4104342 | ||
| 100 | _aBennett, Charles | ||
| 245 | _aDrafting residential leases | ||
| 250 | _a2nd ed. | ||
| 260 |
_aLondon _bLongman _c1990 |
||
| 300 | _axxxii,433p. ; 24cm. | ||
| 350 | _a35 | ||
| 650 | _aPROPERTY-RESIDENTIAL PROPERTY-RESIDENTIAL LANDLORD AND TENANT-RESIDENTIAL TENANCIES | ||
| 942 | _n0 | ||
| 948 | _c04/03/1997 | ||
| 999 |
_c95093 _d95093 |
||